Catálogo

Vista normal Vista MARC

Entrada Personal Name

Número de registros utilizados en: 1

001 - CONTROL NUMBER

  • control field: 6932

003 - CONTROL NUMBER IDENTIFIER

  • control field: OSt

005 - DATE AND TIME OF LATEST TRANSACTION

  • control field: 20200817170802.0

008 - FIXED-LENGTH DATA ELEMENTS

  • fixed length control field: 920806n| acannaab |a aaa

010 ## - LIBRARY OF CONGRESS CONTROL NUMBER

  • LC control number: 92078972

035 ## - SYSTEM CONTROL NUMBER

  • System control number: (DLC)n 92078972

040 ## - CATALOGING SOURCE

  • Original cataloging agency: DLC
  • Language of cataloging: spa
  • Description conventions: rda
  • Transcribing agency: Mx-PuUPA
  • Modifying agency: DLC
  • Modifying agency: Mx-PuUPA

046 ## - SPECIAL CODED DATES

  • Birth date: 1905
  • Death date: 1974

100 1# - HEADING--PERSONAL NAME

  • Personal name: Carter, W. Harrison,
  • Dates associated with a name: 1905-1974
  • Fuller form of name: (William Harrison),

374 ## - OCCUPATION

  • Occupation: Autor

375 ## - GENDER

  • Gender: hombre

377 ## - ASSOCIATED LANGUAGE

  • Language code: spa
  • Language code: eng

400 10 - SEE FROM TRACING--PERSONAL NAME

  • Personal name: Carter, William Harrison,
  • Dates associated with a name: 1905-1974

670 ## - SOURCE DATA FOUND

  • Source citation: Biblioteca del Congreso (Estados Unidos), 04 abril 2018 :
  • Information found: catálogo electrónico
  • Uniform Resource Identifier: https://goo.gl/KNyzx9

670 ## - SOURCE DATA FOUND

  • Source citation: NUCMC data from University of Connecticut Library for U.S. Office of Price Admin. Hartford branch records, 1941-1946
  • Information found: (W. Harrison Carter, Jr.; price economist, Hartford Branch)

670 ## - SOURCE DATA FOUND

  • Source citation: WwWA, v. 6, 1974-1976
  • Information found: (Carter, William Harrison; 1905-1974; economist, educator; head economics dept., Univ. Conn., 1945-1954; dean, School of Liberal Arts & Sciences, 1954-70; price economist, OPA, Conn., 1943-44; s. of W. H. and Olive Edna (Taylor) C.; married Joan L. Cooke)

670 ## - SOURCE DATA FOUND

  • Source citation: Analísis económico intermedio, 1961 :
  • Information found: portada (W. Harrison Carter)